000 00740nam a2200241Ia 4500
001 18379
003 GE_BSU
008 181216s||||||||xx |||||||||||||| ||und||
020 _a99928-64-66-4
040 _cGE_BSU
080 _a796
100 _aძაგანია, გურამ
245 _aოლიმპიური თამაშები
260 _aთბილისი
260 _c2004
300 _a170 გვ. ; 20 სმ.
300 _eბიბლიოგრ.: გვ. 165-167
541 _h6ლ.
653 _aოლიმპიური თამაშები
653 _aოლიმპიური თამაშების ისტორია
653 _aსპორტი
942 _cBK
999 _c51394
_d51394